[Event "TCh-SRB 1st League 2013"]
[Site "Kragujevac SRB"]
[Date "2013.08.28"]
[Round "5.1"]
[White "Nenezic,M"]
[Black "Solak,D"]
[Result "1/2-1/2"]
[WhiteElo "2393"]
[BlackElo "2592"]

1.d4 d5 2.c4 c6 3.Nf3 Nf6 4.Qb3 dxc4 5.Qxc4 Bg4 6.Ne5 Be6 7.Qd3 Nbd7 8.Nxd7 Qxd7
9.e4 Rd8 10.Be3 Ng4 11.Nc3 Nxe3 12.fxe3 Bg4 13.Be2 e5 14.O-O-O Bb4 15.Bf3 O-O
16.h3 Be6 17.Kb1 Qc7 18.d5 Bc8 19.Qc4 Qb6 20.Rd3 Bd6 21.Rc1 Qb4 22.Qxb4 Bxb4
23.Na4 cxd5 24.exd5 Bd6 25.e4 g6 26.Nc3 Bd7 27.Nd1 Rc8 28.Rdc3 Rxc3 29.Rxc3 f5
30.Ne3 b5 31.a3 Kg7 32.b4 Kf6 33.Kc2 a5 34.bxa5 Ra8 35.Kd3 Rxa5 36.Nc2 Ra4
37.Ke3 Kg5 38.g3 f4+ 39.gxf4+ exf4+ 40.Kf2 Be5 41.Rc5 Bd6 42.Rc3 Bxh3 43.Rc6 Be5
44.Be2 Bd7 45.Rb6 Rxe4 46.Rb7 Bf5 47.Bxb5 Bd6 48.Rxh7 Bc5+ 49.Kf1 Re5 50.Ne1 Rxd5
51.Nf3+ Kf6 52.Be8 Rd1+ 53.Ke2 Ra1 54.Rf7+ Ke6 55.Rc7 Kd6 56.Rc6+ Kd5 57.Rf6 Ra2+
58.Kd1 Ke4 59.Nd2+ Kd3 60.Nb3 Bg4+ 61.Kc1 Bxa3+ 62.Kb1 Rb2+ 63.Ka1 Rxb3 64.Rxf4 Bh5
65.Bxg6+ Ke3 66.Re4+ Kf3 67.Rh4 Bg4 68.Bh5 Bb2+ 69.Ka2 Rb4 70.Rxg4 Rxg4 71.Bxg4+ Kxg4
72.Kxb2  1/2-1/2

[Event "Petersburg Summer Blitz 2013"]
[Site "St Petersburg RUS"]
[Date "2013.08.28"]
[Round "11.10"]
[White "Solovyov,V"]
[Black "Popov,Val"]
[Result "1/2-1/2"]
[WhiteElo "2311"]
[BlackElo "2548"]

1.Nf3 d5 2.d4 Nf6 3.c4 c6 4.Qc2 e6 5.g3 dxc4 6.Qxc4 b5 7.Qc2 Bb7 8.Bg2 Nbd7
9.Ne5 Qb6 10.Nxd7 Nxd7 11.Nc3 c5 12.d5 Nf6 13.e4 exd5 14.exd5 b4 15.Na4 Qb5
16.Bg5 Bd6 17.Bxf6 gxf6 18.b3 O-O 19.f4 Rfe8+ 20.Kf2 c4 21.Qxc4 Qa5 22.Rhe1 Rec8
23.Qe4 Bc5+ 24.Nxc5 Rxc5 25.Red1 Rd8 26.Qe2 Bxd5 27.Bxd5 Rcxd5 28.Rxd5 Qxd5
29.Re1 Kg7 30.Qe4 Qc5+ 31.Qe3 Qa5 32.Re2 Rd1 33.Kg2 Qd5+ 34.Kh3 Rd3 35.Qe4 Qxe4
36.Rxe4 a5 37.Re2 Rd1 38.Kg4 Kg6 39.f5+ Kg7 40.Rc2 Ra1 41.Kf4  1/2-1/2

[Event "11th Kesan Open"]
[Site "Edirne TUR"]
[Date "2013.08.31"]
[Round "9.6"]
[White "Morchiashvili,B"]
[Black "Ozturk,E"]
[Result "1-0"]
[WhiteElo "2355"]
[BlackElo "2201"]

1.d4 d5 2.c4 c6 3.Nf3 Nf6 4.Qb3 e6 5.Bg5 h6 6.Bh4 Be7 7.e3 a6 8.Nc3 O-O 9.Bd3 dxc4
10.Bxc4 b5 11.Be2 c5 12.dxc5 Bxc5 13.O-O Nbd7 14.a4 b4 15.Ne4 Be7 16.Nxf6+ Nxf6
17.Rfd1 Qa5 18.Nd4 Bd7 19.Bf3 Rac8 20.Qd3 Qb6 21.a5 Qa7 22.Bg3 Rfd8 23.Be2 Ra8
24.Rac1 Bb5 25.Qc2 Bxe2 26.Qxe2 Rdc8 27.Nc6 Qb7 28.Nxe7+ Qxe7 29.Rxc8+ Rxc8
30.Qxa6 Qc5 31.Ra1 Ne4 32.Qd3 Qf5 33.Bf4 g5 34.f3 gxf4 35.Qxe4 Qxe4 36.fxe4 fxe3
37.a6 f5 38.a7 Ra8 39.exf5 exf5 40.g3 h5 41.Kf1 h4 42.Ke2 hxg3 43.hxg3 Kf7
44.Ra6 Ke7 45.Kxe3 Kd7 46.Kf4 Kc7 47.Ra4 Kc6 48.b3  1-0

[Event "Petersburg Summer Rapid 2013"]
[Site "St Petersburg RUS"]
[Date "2013.08.31"]
[Round "1.2"]
[White "Radkov,Bazhen D."]
[Black "Shirov,A"]
[Result "0-1"]
[WhiteElo "2040"]
[BlackElo "2696"]

1.d4 d5 2.c4 c6 3.Nf3 Nf6 4.Qb3 dxc4 5.Qxc4 Bg4 6.Nc3 Nbd7 7.e4 Bxf3 8.gxf3 e5
9.Be3 Bd6 10.O-O-O exd4 11.Bxd4 Qc7 12.h4 O-O 13.Qb3 Bc5 14.Be2 Bxd4 15.Rxd4 Nc5
16.Qc2 Ne6 17.Rd2 Rad8 18.Rhd1 Qf4 19.Kb1 Rxd2 20.Qxd2 Qxh4 21.Bc4 h6 22.Bxe6 fxe6
23.Qd6 Re8 24.Qd4 b6 25.a4 Qf4 26.Qd3 Rf8 27.Ne2 Qe5 28.Qd4 Qxd4 29.Nxd4 Rd8
30.Kc2 e5 31.Nf5 Rxd1 32.Kxd1 Kf7 33.Nd6+ Ke6 34.Nc8 Kd7 35.Nxa7 Kc7 36.a5 bxa5  0-1

[Event "12th Kesarovski Mem"]
[Site "Sunny Beach BUL"]
[Date "2013.08.31"]
[Round "1.2"]
[White "Griffiths,R"]
[Black "Georgiev,Vl"]
[Result "1/2-1/2"]
[WhiteElo "2388"]
[BlackElo "2546"]

1.d4 d5 2.c4 c6 3.Nf3 Nf6 4.Qb3 e6 5.g3 c5 6.Bg2 cxd4 7.cxd5 Nxd5 8.Nxd4 Bc5
9.Nb5 Nc6 10.O-O O-O 11.N1c3 a6 12.Nxd5 exd5 13.Nc3 Be6 14.Bxd5 Nd4 15.Qc4 Rc8
16.Bxe6 Nxe6 17.Qg4 Bd4 18.Qf3 b5 19.Nd5 Rc5 20.Nb4 Qd6 21.Nd3 Rc2 22.Rb1 f5
23.Rd1 g5 24.Bd2 g4 25.Qg2 Rfc8 26.Bf4 Qd7 27.e3 Bg7 28.Nc5 Qc6 29.Qxc6 Rxc6
30.Nxe6 Rxe6 31.b4 Rxa2 32.Rbc1 Ra4 33.Rd7 Re8 34.Bd6 Bf6 35.Rcc7 Ra1+ 36.Kg2 Rd1
37.Ra7 Bc3 38.Rxa6 Bxb4 39.Raa7 Rxd6 40.Rg7+ Kh8 41.Rxh7+ Kg8 42.Rhg7+ Kh8
43.Rh7+  1/2-1/2

[Event "13th Zug Young Masters"]
[Site "Zug SUI"]
[Date "2013.08.31"]
[Round "5.3"]
[White "Grandadam,N"]
[Black "Prohaszka,P2"]
[Result "0-1"]
[WhiteElo "2309"]
[BlackElo "2567"]

1.Nf3 d5 2.d4 Nf6 3.c4 c6 4.Qc2 g6 5.Bf4 Bg7 6.e3 O-O 7.Nc3 Na6 8.Be2 dxc4
9.Bxc4 Nb4 10.Qb3 Nbd5 11.Nxd5 cxd5 12.Bd3 Qa5+ 13.Ke2 Ne4 14.Qb5 Qxb5 15.Bxb5 a6
16.Bd3 Bd7 17.Rhc1 Rfc8 18.Ke1 Bb5 19.Bxb5 axb5 20.Nd2 Nf6 21.Kd1 Rxc1+ 22.Rxc1 Nh5
23.Bg3 Nxg3 24.hxg3 Rxa2 25.Rc8+ Bf8 26.Kc2 Ra1 27.Nb1 e6 28.Rb8 Ra7 29.Nd2 Kg7
30.Kb1 h5 31.f4 g5 32.fxg5 Bd6 33.Rd8 Be7 34.Rd7 Bxg5 35.Nf3 Bxe3 36.Ne5 Bxd4
37.Nxf7 Kf6 38.Nd6 Ra4 39.Rxb7 Be5 40.Ne8+ Kf5 41.Rf7+ Ke4 42.Re7 Ra6 43.Ng7 Bxg7
44.Rxg7 d4 45.Kc2 d3+ 46.Kd2 Rc6 47.Rh7 Rc2+ 48.Kd1 Rxg2 49.Rxh5 e5  0-1

[Event "TCh-SRB 1st League 2013"]
[Site "Kragujevac SRB"]
[Date "2013.09.01"]
[Round "9.2"]
[White "Barlov,D"]
[Black "Perunovic,Mil"]
[Result "1/2-1/2"]
[WhiteElo "2449"]
[BlackElo "2618"]

1.Nf3 d5 2.d4 Nf6 3.c4 c6 4.Qc2 dxc4 5.Qxc4 Bf5 6.g3 e6 7.Bg2 Nbd7 8.O-O Be7
9.e3 O-O 10.Nc3 b5 11.Qe2 b4 12.Nb1 Rc8 13.Rd1 c5 14.Nbd2 Bc2 15.Re1 cxd4
16.Nxd4 Ne5 17.N2f3 Nxf3+ 18.Bxf3 Be4 19.Rd1 Qd5 20.Bxe4 Nxe4 21.f3 Nd6 22.e4 Qa5  1/2-1/2

[Event "TCh-ROU 2013"]
[Site "Mamaia ROU"]
[Date "2013.09.01"]
[Round "2.5"]
[White "Banusz,T"]
[Black "Stanciu,Andreea-Briana"]
[Result "1-0"]
[WhiteElo "2595"]
[BlackElo "1779"]

1.Nf3 Nf6 2.c4 c6 3.d4 d5 4.Nbd2 e6 5.g3 Nbd7 6.Bg2 Be7 7.O-O b6 8.Qc2 Bb7
9.e4 O-O 10.Rd1 Rc8 11.b3 c5 12.exd5 exd5 13.Qf5 g6 14.Qh3 Re8 15.Bb2 Qc7
16.Re1 Rcd8 17.dxc5 Nxc5 18.Ne5 h5 19.g4 Bc8 20.cxd5 Nxd5 21.Nxg6 Bxg4 22.Nxe7+ Rxe7
23.Qh4 Qf4 24.Rxe7 Nxe7 25.Qxe7 Qxd2 26.Qf6 Kf8 27.Qh8+  1-0

[Event "TCh-SRB 1st League 2013"]
[Site "Kragujevac SRB"]
[Date "2013.09.02"]
[Round "10.4"]
[White "Lajthajm,B"]
[Black "Lukovic,V"]
[Result "1-0"]
[WhiteElo "2494"]
[BlackElo "2346"]

1.d4 d5 2.Nf3 Nf6 3.c4 c6 4.Qc2 dxc4 5.Qxc4 Bf5 6.Nc3 e6 7.a3 Be7 8.Bg5 Nbd7
9.e3 h6 10.Bxf6 Nxf6 11.Bd3 Bxd3 12.Qxd3 O-O 13.Qc4 Rc8 14.b4 a5 15.O-O axb4
16.axb4 Nd5 17.Nxd5 cxd5 18.Qb5 Qe8 19.Qxb7 Rb8 20.Qc7 Rxb4 21.Ra7 Bf6 22.h4 Qb8
23.g4 Qxc7 24.Rxc7 g5 25.hxg5 hxg5 26.Ra1 Rbb8 27.Rca7 Rb2 28.Nh2 Rfb8 29.Nf1 R2b7
30.Ra8 Kg7 31.Ng3 Kg6 32.Kg2 Be7 33.R1a7 Bd6 34.Rxb8 Rxb8 35.Nh5 Bf8 36.f4 Bh6
37.f5+ exf5 38.Ra6+ Kh7 39.Nf6+ Kg7 40.gxf5 g4 41.Nxg4 Bg5 42.Rd6 Rb5 43.Rd7 Kg8
44.Rd6 Kg7 45.f6+ Kg6 46.Kf3 Kf5 47.Rd7 Kg6 48.Ra7 Rb6 49.Ne5+ Kf5 50.Nxf7 Rxf6
51.Ke2 Bh4 52.Ne5 Bg3 53.Nd3 Bd6 54.Ra6 Rh6 55.Nf2 Ke6 56.Nd1 Rh2+ 57.Kd3 Kd7
58.Nc3 Rh5 59.Na4 Kc7 60.Nc3 Kd7 61.Ra7+ Kc6 62.Rf7 Bb4 63.Rf6+ Kd7 64.Na4 Kc7
65.Nc5 Bxc5 66.dxc5 Rh1 67.Rd6 Rd1+ 68.Ke2 Rc1 69.Rxd5 Kc6 70.Rf5 Rxc5 71.Rxc5+ Kxc5
72.Kf3 Kd5 73.Kf4  1-0

[Event "74th ch-ARM 1st League"]
[Site "Yerevan ARM"]
[Date "2013.09.02"]
[Round "12.3"]
[White "Dilanian,G"]
[Black "Baghdasaryan,V"]
[Result "0-1"]
[WhiteElo "2281"]
[BlackElo "2414"]

1.d4 d5 2.Nf3 Nf6 3.c4 c6 4.Nbd2 Bf5 5.Nh4 Be4 6.f3 Bg6 7.e3 e6 8.Nxg6 hxg6
9.Bd3 g5 10.Qb3 Qc7 11.Nf1 Nbd7 12.Bd2 e5 13.cxd5 Nxd5 14.Rc1 O-O-O 15.Bc4 N7b6
16.Ba5 Nxe3 17.Nxe3 exd4 18.Ng4 f5 19.Be6+ Kb8 20.Bxf5 Qf4 21.O-O Qxf5 22.Bxb6 axb6
23.Qxb6 Bd6 24.Rxc6 Qe6 25.Kh1 d3 26.Rc7 Qd5 27.Rxg7 d2 28.Ne3 Qc6 29.Qxc6 bxc6
30.Nc4 Bxh2 31.g3 d1=Q 32.Rxd1 Rxd1+ 33.Kg2 Rc1 34.Ne3 Bg1 35.Ng4 Bd4  0-1

[Event "13th Zug Young Masters"]
[Site "Zug SUI"]
[Date "2013.09.02"]
[Round "7.4"]
[White "Grandadam,N"]
[Black "Svetushkin,D"]
[Result "0-1"]
[WhiteElo "2309"]
[BlackElo "2608"]

1.Nf3 d5 2.d4 Nf6 3.c4 c6 4.Qc2 dxc4 5.Qxc4 Bf5 6.g3 e6 7.Bg2 Be7 8.O-O O-O
9.Nc3 Nbd7 10.Re1 Ne4 11.Qb3 Qb6 12.Nh4 Bxh4 13.gxh4 Ndf6 14.f3 Nxc3 15.bxc3 Qc7
16.e4 Bg6 17.Be3 Nh5 18.Qb2 Nf4 19.Bf1 Bh5 20.Qf2 f5 21.Qg3 fxe4 22.fxe4 Rf6
23.Bxf4 Qxf4 24.Bg2 Raf8 25.Rf1 Qd2 26.Rxf6 Rxf6 27.Rf1 Rxf1+ 28.Bxf1 h6
29.Bc4 Qc1+ 30.Kf2 Qc2+ 31.Kf1 Qxe4 32.Bd3 Qf3+ 33.Qxf3 Bxf3 34.Kf2 Bh5 35.Kg3 Kf7
36.Kf4 Kf6 37.a3 g5+ 38.hxg5+ hxg5+ 39.Kg3 Bg6 40.Bc4 e5 41.h4 gxh4+ 42.Kxh4 Kf5
43.dxe5 Kxe5 44.Kg3 Ke4 45.Kf2 Bh5 46.Bf1 a6 47.Bh3 Kd3 48.Bc8 b5 49.Bd7 c5
50.a4 bxa4 51.Bxa4 Kxc3 52.Ke3 a5 53.Bd7 Bf7  0-1

[Event "TCh-ROU w 2013"]
[Site "Mamaia ROU"]
[Date "2013.09.04"]
[Round "5.3"]
[White "Dragomirescu,An"]
[Black "Craciun,P"]
[Result "1-0"]
[WhiteElo "2242"]
[BlackElo "2117"]

1.d4 d5 2.c4 c6 3.Nf3 Nf6 4.Qc2 e6 5.g3 Nbd7 6.Bg2 Be7 7.O-O b6 8.Nbd2 Bb7
9.e4 dxe4 10.Nxe4 O-O 11.Rd1 Rc8 12.Bf4 Nxe4 13.Qxe4 Nf6 14.Qc2 Bd6 15.Be5 Qe7
16.Ng5 g6 17.Qc1 Rfd8 18.Qf4 Nh5 19.Qe3 f6 20.Bxd6 Rxd6 21.Ne4 Rd7 22.c5 Ba6
23.Nd6 Rcc7 24.b4 Ng7 25.Qa3 bxc5 26.Qxa6 cxd4 27.Nc4 Qxb4 28.Rab1 Qc5 29.Na5 Nf5
30.Bxc6 Rd6 31.Rbc1 Qb6 32.Qb5 Rdxc6 33.Qxb6 Rxc1 34.Qb8+ Rc8 35.Qb3  1-0

[Event "6th Sabadell Open"]
[Site "Sabadell ESP"]
[Date "2013.09.06"]
[Round "5.12"]
[White "Cardenas,Fernando Adrian"]
[Black "Nadal Fajardo,Ricard"]
[Result "0-1"]
[WhiteElo "1963"]
[BlackElo "1962"]

1.Nf3 c6 2.d4 Nf6 3.c4 d5 4.g3 e6 5.Bg2 Be7 6.O-O O-O 7.Nc3 Nbd7 8.Qb3 Qb6
9.c5 Qxb3 10.axb3 e5 11.e3 e4 12.Ne1 b6 13.b4 Ne8 14.b5 bxc5 15.bxc6 Nb6
16.Nc2 Nc7 17.dxc5 Bxc5 18.b4 Bd6 19.b5 Be5 20.Nd4 a6 21.Ba3 Re8 22.Bc5 Rb8
23.Rfb1 axb5 24.Ncxb5 Nc4 25.Ra7 Bxd4 26.Bxd4 Rxb5 27.Rxb5 Nxb5 28.Ra8 Nxd4
29.exd4 Kf8 30.Bf1 Be6 31.Ra6 Rc8 32.Be2 Ke7 33.f3 exf3 34.Bxf3 Kd6 35.c7+ Kxc7
36.Ra7+ Kd6 37.Kf2 Rb8 38.Be2 Rb2 39.Ra6+ Ke7 40.Ke1 Ne3 41.Ra3 Nc2+  0-1

[Event "12th Kesarovski Mem"]
[Site "Sunny Beach BUL"]
[Date "2013.09.07"]
[Round "8.1"]
[White "Rombaldoni,Ax"]
[Black "Georgiev,Vl"]
[Result "1-0"]
[WhiteElo "2494"]
[BlackElo "2546"]

1.d4 d5 2.c4 c6 3.Nf3 Nf6 4.Nbd2 e6 5.g3 c5 6.Bg2 cxd4 7.cxd5 Nxd5 8.Nxd4 Nb4
9.N4b3 Be7 10.O-O O-O 11.a3 N4c6 12.Nc4 e5 13.Ne3 Be6 14.Nd5 Nd7 15.Be3 f5
16.Rc1 Rc8 17.Nxe7+ Qxe7 18.Nc5 Nf6 19.Nxe6 Qxe6 20.Bxc6 bxc6 21.Qd3 a5 22.Qc4 Nd5
23.Bc5 Rf7 24.e4 fxe4 25.Qxe4 Nf6 26.Qe2 Rd8 27.Bb6 Rd5 28.Qc4 Qh3 29.f3 Rfd7
30.Qxc6 h5 31.Be3 h4 32.Qc8+ Kf7 33.Qh8 Rd3 34.Bg5 Kg6 35.Qxh4 Qxh4 36.gxh4 Rb3
37.Rc2 Rd5 38.Bd2 Rbd3 39.Bc3 Nh5 40.Rg2+ Kh6 41.Rg5 Nf4 42.Rxe5 Nh3+ 43.Kg2 Nf4+
44.Kg3 Nh5+ 45.Kg4 Nf6+ 46.Kh3 Rxe5 47.Bxe5 Nd5 48.Kg3 Kg6 49.Rc1 Re3 50.Rc6+ Kf7
51.Bc3 a4 52.Rc4 g6 53.Rxa4 Re2 54.Re4 Ne3 55.Kh3  1-0

[Event "FSGM Sept 2013"]
[Site "Budapest HUN"]
[Date "2013.09.14"]
[Round "6.1"]
[White "Camarena Gimenez,R"]
[Black "Varga,Zo"]
[Result "1/2-1/2"]
[WhiteElo "2354"]
[BlackElo "2444"]

1.d4 d5 2.c4 dxc4 3.Nf3 c6 4.e3 Be6 5.a4 Nf6 6.Na3 Bd5 7.Bxc4 e6 8.Be2 c5
9.O-O cxd4 10.Nxd4 Bc5 11.b3 O-O  1/2-1/2

[Event "Faergen Cup 2013"]
[Site "Allinge DEN"]
[Date "2013.09.16"]
[Round "9.16"]
[White "Christiansen,Ni"]
[Black "Kraft,R"]
[Result "1-0"]
[WhiteElo "1669"]
[BlackElo "1696"]

1.d4 d5 2.c4 c6 3.Nf3 dxc4 4.e4 b5 5.g3 Nf6 6.e5 Nd5 7.Nc3 e6 8.a3 Be7 9.Bg2 Bb7
10.O-O O-O 11.Re1 a5 12.Nxd5 cxd5 13.Bf4 b4 14.axb4 axb4 15.Rxa8 Bxa8 16.Qc1 Nc6
17.Qe3 b3 18.Bh3 Nb4 19.Re2 Nc2 20.Rxc2 bxc2 21.Qc3 Qb6 22.Qxc2 Rb8 23.Bg5 Bxg5
24.Nxg5 g6 25.Qe2 Rf8 26.Qe3 Kg7 27.Qf4 Qxb2 28.Bxe6 Qb1+ 29.Kg2 h6 30.Qf6+  1-0

[Event "TCh-CRO Ia Liga 2013"]
[Site "Bol CRO"]
[Date "2013.09.16"]
[Round "3.2"]
[White "Gonda,L"]
[Black "Berescu,A"]
[Result "1/2-1/2"]
[WhiteElo "2524"]
[BlackElo "2470"]

1.d4 d5 2.Nf3 c6 3.c4 Nf6 4.Qc2 dxc4 5.Qxc4 e6 6.g3 b5 7.Qc2 Bb7 8.Bg2 Nbd7
9.Ne5 Nxe5 10.dxe5 Nd5 11.O-O Qc7 12.Nc3 Rc8 13.a4 Nxc3 14.Qxc3 b4 15.Qc4 a5
16.Rd1 Be7  1/2-1/2

[Event "I Azuqueca Chess Classic 2013"]
[Site "Azuqueca de Henares ESP"]
[Date "2013.09.18"]
[Round "5.6"]
[White "Huerga Leache,M"]
[Black "Moya Mallafre,E"]
[Result "1-0"]
[WhiteElo "2433"]
[BlackElo "1933"]

1.d4 d5 2.c4 c6 3.Nf3 Nf6 4.Qc2 e6 5.g3 Nbd7 6.Bg2 Bd6 7.O-O O-O 8.Nbd2 Re8
9.e4 dxe4 10.Ng5 e5 11.Ndxe4 Bf8 12.dxe5 Rxe5 13.Bf4 Nxe4 14.Nxe4 Re8 15.Rae1 Ne5
16.Bg5 Qa5 17.Bd2 Qd8 18.Ng5 g6 19.f4 Bf5 20.Be4 Nd3 21.Bxf5 Nxe1 22.Rxe1 Qd4+
23.Kg2 gxf5 24.Qxf5 Qg7 25.Ne4 Be7 26.Bc3 Qg6 27.Qd7 Kf8 28.f5 Qh6 29.f6 Bxf6
30.Nxf6 Rxe1 31.Qd6+ Re7 32.Nd7+ Ke8 33.Qxh6 Kxd7 34.Qxh7 Rae8 35.Kf1 c5
36.Qf5+ Kc6 37.Qd5+ Kc7 38.Qxc5+ Kb8 39.Qd6+ Ka8 40.c5 Re6 41.Qd7 R6e7 42.Qd5 Re6
43.Bd2 f6 44.Bf4 Re1+ 45.Kf2 R1e2+ 46.Kf3 a6 47.c6 bxc6 48.Qxc6+ Ka7 49.Qxf6 R8e6
50.Qd4+ Kb7 51.Qb4+  1-0

[Event "XV Villa Martelli ITT"]
[Site "Villa Martelli ARG"]
[Date "2013.09.19"]
[Round "5.5"]
[White "Ibar,M"]
[Black "Leon,Ju"]
[Result "0-1"]
[WhiteElo "2177"]
[BlackElo "2279"]

1.Nf3 d5 2.d4 Nf6 3.c4 c6 4.g3 Bf5 5.Bg2 e6 6.O-O h6 7.Nbd2 Nbd7 8.Re1 Bh7
9.b3 Bd6 10.Bb2 Qb8 11.Qc1 O-O 12.Ba3 b5 13.Bxd6 Qxd6 14.cxb5 cxb5 15.Qb2 Rfc8
16.Rac1 b4 17.Ne5 Qa6 18.Nxd7 Nxd7 19.e4 Nf6 20.Bf1 Qb6 21.exd5 exd5 22.Bh3 Rxc1
23.Rxc1 Re8 24.Bg2 Bd3 25.Bf3 Qa6 26.Nf1 Bxf1 27.Rxf1 Qd3 28.Kg2 Rc8 29.Rd1 Rc2
30.Rxd3 Rxb2 31.Re3 Rxa2 32.Re5 Rd2 33.Bxd5 Ng4 34.Re8+ Kh7 35.Bxf7 Rxf2+
36.Kh3 Nf6 37.Ra8 Ne4 38.Bg8+ Kg6 39.g4 Ra2 40.Bc4 Kg5 41.Rf8 g6 42.d5 Rd2
43.Rf7 a5 44.Ra7 Rc2 45.Rxa5 Kf4 46.d6 Ng5+ 47.Rxg5 Kxg5 48.d7 Rd2 49.Bb5 Kf4
50.Bc6 g5 51.Bb5 h5 52.Be2 hxg4+ 53.Bxg4 Rd3+  0-1

[Event "2nd GP Pyramides-Trophee Kaissa"]
[Site "Le Port-Marly FRA"]
[Date "2013.09.21"]
[Round "6.3"]
[White "Le Roux,JP"]
[Black "Guigon,O"]
[Result "1-0"]
[WhiteElo "2571"]
[BlackElo "2087"]

1.d4 d5 2.Nf3 Nf6 3.c4 c6 4.g3 a6 5.Bg2 b5 6.b3 Bf5 7.O-O h6 8.a4 b4 9.a5 e6
10.Ne5 Bd6 11.Nd3 O-O 12.Bb2 Ra7 13.Nd2 Rb7 14.Nf3 Nbd7 15.Ra4 Ne4 16.c5 Bc7
17.Nxb4 Nb8 18.Qa1 Rb5 19.Rd1 Qc8 20.Ne1 Qb7 21.Ned3 Nd7 22.f3 Nef6 23.Bc3 Rb8
24.Bf1 Bxd3 25.Nxd3 Rxb3 26.Rb4 Rxb4 27.Nxb4 Re8 28.Rb1 Qa8 29.e3 Nb8 30.Nd3 Nfd7
31.Nb2 e5 32.Na4 exd4 33.Bxd4 Bxa5 34.Bxg7 Nf8 35.Bxh6 Ne6 36.Bh3 Qa7 37.Qf6 Qe7
38.Qxe7  1-0

[Event "TCh-CRO Ia Liga 2013"]
[Site "Bol CRO"]
[Date "2013.09.22"]
[Round "9.5"]
[White "Georgiev,Ki"]
[Black "Erdos,V"]
[Result "1/2-1/2"]
[WhiteElo "2637"]
[BlackElo "2650"]

1.Nf3 d5 2.d4 Nf6 3.c4 c6 4.Qb3 dxc4 5.Qxc4 Bf5 6.g3 e6 7.Bg2 Be7 8.O-O O-O
9.Rd1 Nbd7 10.e3 Rc8  1/2-1/2

[Event "39th National ch-BAN"]
[Site "Dhaka BAN"]
[Date "2013.09.22"]
[Round "2.4"]
[White "Chatterjee,D"]
[Black "Md.,Jamal Uddin"]
[Result "1/2-1/2"]
[WhiteElo "2249"]
[BlackElo "2079"]

1.d4 d5 2.c4 c6 3.Nf3 Nf6 4.Qc2 e6 5.Nbd2 Nbd7 6.g3 Bd6 7.Bg2 O-O 8.O-O Re8
9.Rd1 Qe7 10.e4 dxe4 11.Nxe4 Nxe4 12.Qxe4 e5 13.Bg5 f6 14.c5 exd4 15.Qxd4 Bxc5
16.Qc4+ Qf7 17.Qxf7+ Kxf7 18.Bf4 Re2 19.Bf1 Bxf2+ 20.Kh1 Rxb2 21.Bc4+ Ke8
22.Bc1 Rb4 23.Bg8 Ne5 24.Nxe5 fxe5 25.Bxh7 Bg4 26.Bg6+ Kf8 27.Kg2 Bxd1 28.Ba3 Bc5
29.Bxb4 Bxb4 30.Rxd1 Ke7 31.Rf1 Rf8 32.Rb1 a5 33.a3 Bxa3 34.Rxb7+ Kf6 35.Be4 c5
36.Rb6+ Ke7 37.Rb7+ Kf6 38.Rb6+ Kf7 39.Rb7+ Kg8 40.Re7 Bb2 41.Ra7 Bc3 42.h4 Be1
43.h5 Bd2 44.Re7 Bc3 45.Kh3 Rd8 46.Kg4 Kf8 47.Ra7 Be1 48.Rc7 Rd4 49.Kf5 Bxg3
50.Rxc5 Rd6 51.Rd5 Rf6+ 52.Kg4 Rf4+ 53.Kxg3 Rxe4 54.Kf3 Rf4+ 55.Kg3 Re4 56.Kf3 Rf4+
57.Kg3 Re4 58.Kf3 Re1 59.Kf2 Re4 60.Kf3  1/2-1/2

[Event "XV Villa Martelli ITT"]
[Site "Villa Martelli ARG"]
[Date "2013.09.23"]
[Round "8.2"]
[White "Trois,F"]
[Black "Leon,Ju"]
[Result "0-1"]
[WhiteElo "2251"]
[BlackElo "2279"]

1.d4 d5 2.c4 c6 3.Nf3 Nf6 4.Qc2 dxc4 5.Qxc4 Bf5 6.g3 e6 7.Bg2 Nbd7 8.O-O Be7
9.Nc3 Ne4 10.Rd1 Nxc3 11.bxc3 Bc2 12.Rd2 Nb6 13.Ne5 Nxc4 14.Nxc4 Bg6 15.Rb2 Rb8
16.Bf4 O-O 17.Bxb8 Qxb8 18.Na5 Qc7 19.Nc4 b6 20.e4 c5 21.d5 exd5 22.exd5 Bd3
23.Bf1 Bxc4 24.Bxc4 Qe5 25.Rc1 Bg5  0-1

[Event "ch-GER w Rapid 2013"]
[Site "Gladenbach GER"]
[Date "2013.09.28"]
[Round "4.1"]
[White "Paehtz,E"]
[Black "Schleining,Z"]
[Result "1-0"]
[WhiteElo "2440"]
[BlackElo "2377"]

1.d4 Nf6 2.Nf3 d5 3.c4 c6 4.Qc2 dxc4 5.Qxc4 e6 6.Nc3 b5 7.Qb3 Bb7 8.g3 Nbd7
9.Bg2 Be7 10.O-O O-O 11.Rd1 a6 12.Ne5 Nxe5 13.dxe5 Nd7 14.a4 Qc7 15.Qc2 b4
16.Ne4 c5 17.Bf4 Bd5 18.Nf6+ gxf6 19.exf6 Bd6 20.Bxd5 exd5 21.Qf5 Kh8 22.Rxd5 Bxf4
23.Rxd7 Qc6 24.Rad1 Bc7 25.R1d5 Rae8 26.Rxc5 Qa8 27.Rdxc7 Rxe2 28.Rc1 Re6
29.Rxf7 Rxf7 30.Qxe6  1-0

[Event "St Petersburg Rapid Cup 2013"]
[Site "St Petersburg RUS"]
[Date "2013.09.28"]
[Round "2.2"]
[White "Makarov,M"]
[Black "Rusanov,M"]
[Result "1-0"]
[WhiteElo "2512"]
[BlackElo "2440"]

1.Nf3 d5 2.d4 c6 3.c4 dxc4 4.e3 b5 5.a4 e6 6.b3 Bb4+ 7.Bd2 Bxd2+ 8.Nfxd2 cxb3
9.axb5 Ne7 10.Qxb3 Bb7 11.Ne4 cxb5 12.Bxb5+ Bc6 13.O-O O-O 14.Bxc6 Nbxc6
15.Nbc3 a5 16.Nc5 Rb8 17.Qc2 e5 18.dxe5 Nxe5 19.Qe4 Nd7 20.Nxd7 Qxd7 21.Rxa5 Qc7
22.Qe5 Qxe5 23.Rxe5 Ng6 24.Rc5 Rbc8 25.Ne4 Rxc5 26.Nxc5 Rc8 27.Rc1 Nf8 28.Kf1 h6
29.Nb3 Rb8 30.Nd4 Ne6 31.Nxe6 fxe6 32.Rc7 Kf8 33.h4 Rb2 34.g3 Ra2 35.Kg2 Rb2
36.h5 Ra2 37.g4 Rb2 38.Kg3 Ra2 39.f3 Ra4 40.e4 Ra5 41.Kf4 Rb5 42.Rd7 Ra5
43.Ke3 Ra3+ 44.Rd3 Ra5 45.f4 Ke7 46.Rb3 Ra7 47.e5 Kf7 48.Rc3 Ke7 49.f5 Kf7
50.Rc4 exf5 51.gxf5 Ra3+ 52.Ke4 Rh3 53.Rc7+ Kf8 54.Kd5 Rxh5 55.Ke6 Kg8 56.f6 gxf6
57.exf6 Rh1 58.Rc8+ Kh7 59.f7 Re1+ 60.Kd5  1-0

[Event "Grand Open Blagoevgrad 2013"]
[Site "Blagoevgrad BUL"]
[Date "2013.09.29"]
[Round "2.5"]
[White "Dlugy,M"]
[Black "Ninov,D"]
[Result "1-0"]
[WhiteElo "2524"]
[BlackElo "2140"]

1.d4 d5 2.c4 c6 3.Nf3 Nf6 4.Qc2 g6 5.Bf4 Bf5 6.Qb3 Qb6 7.e3 Na6 8.Nc3 Bg7
9.cxd5 Nb4 10.dxc6 bxc6 11.Rc1 O-O 12.Bc4 Bd3 13.Ne5 Bxc4 14.Qxc4 Nbd5 15.Nxc6 Nxf4
16.exf4 Qxb2 17.Nxe7+ Kh8 18.O-O Rae8 19.Nc6 Ne4 20.Na4 Qa3 21.Rcd1 Bh6 22.g3 Qf3
23.Qd3 Qh5 24.Ne5 Nd6 25.Nd7 Qh3 26.Nxf8 Bxf8 27.Rfe1  1-0

[Event "Grand Open Blagoevgrad 2013"]
[Site "Blagoevgrad BUL"]
[Date "2013.09.29"]
[Round "2.21"]
[White "Danov,Lyubomir"]
[Black "Stoyanov,Svetlomir"]
[Result "0-1"]
[WhiteElo "2169"]
[BlackElo "1965"]

1.d4 Nf6 2.Nf3 d5 3.c4 c6 4.Nbd2 Bf5 5.Nh4 Bg6 6.Qb3 Qb6 7.Qh3 Na6 8.Nxg6 fxg6
9.Qc3 e5 10.e3 Bb4 11.Qd3 O-O 12.Be2 exd4 13.exd4 Ne4 14.f3 Bxd2+ 15.Bxd2 Nb4
16.Qb3 Nxd2 17.Kxd2 Qxd4+ 18.Kc1 Rfe8 19.Bd1 Nd3+ 20.Kc2 Re3 21.Qc3 Ne1+
22.Rxe1 Qxc3+ 23.bxc3 Rxe1 24.cxd5 cxd5 25.Rb1 b5 26.Rxb5 Rd8 27.Kd2 Rg1
28.Bb3 Rxg2+ 29.Ke3 Rxh2 30.Bxd5+ Kf8 31.a4 a6  0-1

[Event "Oslo Int Open 2013"]
[Site "Oslo NOR"]
[Date "2013.09.29"]
[Round "1"]
[White "Martinsen,S"]
[Black "Lampert,J"]
[Result "1-0"]
[WhiteElo "2134"]
[BlackElo "2376"]

1.d4 d5 2.c4 c6 3.Nf3 Nf6 4.Qc2 dxc4 5.Qxc4 Bg4 6.Nc3 Nbd7 7.e4 Bxf3 8.gxf3 e5
9.Be3 exd4 10.Bxd4 Bd6 11.O-O-O Qe7 12.Bh3 Ne5 13.Qe2 Nh5 14.Be3 Qf6 15.Bf5 Ng6
16.Nb5 Be5 17.Bc5 Ne7 18.Nd6+ Bxd6 19.Rxd6 Qe5 20.Bd7+ Kf8 21.Ba3 Kg8 22.Qd2 h6
23.Bg4 c5 24.Rd1 Nf6 25.Qe3 Kh7 26.h3 b6 27.Kb1 h5 28.Bd7 Rhd8 29.R6d2 Qc7
30.Bb5 Ng6 31.b3 Rxd2 32.Rxd2 Qh2 33.Bb2 Qxh3 34.Bc4 Rf8 35.e5 Nd7 36.e6 Nf6
37.exf7 Qh4 38.Bxf6 Qxf6 39.Bd3 Qxf7 40.Rd1 Qf6 41.Rh1 Qd6 42.Rxh5+ Kg8 43.Bc4+ Rf7
44.Qe8+ Qf8 45.Bxf7+  1-0

[Event "23rd EYCC Open U16 2013"]
[Site "Budva MNE"]
[Date "2013.09.30"]
[Round "2.10"]
[White "Zeynalli,Miradil"]
[Black "Reshef,O"]
[Result "0-1"]
[WhiteElo "2131"]
[BlackElo "2246"]

1.d4 d5 2.c4 c6 3.Nf3 Nf6 4.Qb3 dxc4 5.Qxc4 Bg4 6.Nbd2 Nbd7 7.g3 e6 8.Bg2 Be7
9.O-O O-O 10.Ne5 Bh5 11.Nxd7 Nxd7 12.Nb3 Nb6 13.Qc2 Bf6 14.a4 a5 15.Rd1 Nd5
16.f3 e5 17.e4 Nb4 18.Qf2 exd4 19.g4 Bg6 20.f4 Bh4 21.Qf3 Nc2 22.Rb1 Qb6
23.Kh1 Bxe4 24.Qxe4 Qxb3 25.Qd3 Qxd3 26.Rxd3 Rfe8 27.Bd2 Bf2 28.Rc1 Nb4 29.Rb3 Be3
30.Bxe3 dxe3 31.Re1 Nc2 32.Re2 Nd4 33.Rexe3 Nxb3  0-1

[Event "Grand Open Blagoevgrad 2013"]
[Site "Blagoevgrad BUL"]
[Date "2013.10.01"]
[Round "5.18"]
[White "Albertini,L"]
[Black "Danov,Lyubomir"]
[Result "1-0"]
[WhiteElo "2121"]
[BlackElo "2169"]

1.d4 d5 2.Nf3 Nf6 3.c4 c6 4.g3 Bf5 5.Nc3 e6 6.Qb3 Qb6 7.c5 Qc7 8.Bf4 Qc8
9.Bg2 h6 10.O-O Be7 11.Nd2 O-O 12.f3 Bh7 13.e4 b6 14.Na4 bxc5 15.Nxc5 Na6
16.Qa3 Nxc5 17.dxc5 Rd8 18.Qc3 a5 19.Be5 Ne8 20.f4 Qa6 21.Bd4 Rab8 22.f5 dxe4
23.fxe6 f5 24.Nxe4 fxe4 25.Rf7 Bf6 26.Bxf6 Nxf6 27.Bf1 Rd3 28.Qe5 Rb7 29.Bxd3 exd3
30.Rxf6 gxf6 31.e7 Bg6 32.Qxf6 Bf7 33.Re1 Rb8 34.Re4 Qc8 35.Rd4 Be8 36.Rh4 d2
37.Qf8+  1-0